Work and motivation (Record no. 83181)
[ view plain ]
| 000 -LEADER | |
|---|---|
| fixed length control field | 00994nam a2200169 a 4500 |
| 008 - FIXED-LENGTH DATA ELEMENTS--GENERAL INFORMATION | |
| fixed length control field | 120416s1964 ||||||||||||||||| || u |
| 050 ## - LIBRARY OF CONGRESS CALL NUMBER | |
| Classification number | HF 5548.8 Vro |
| 100 ## - MAIN ENTRY--PERSONAL NAME | |
| Personal name | Vroom, Victor H |
| 245 10 - TITLE STATEMENT | |
| Title | Work and motivation |
| 260 ## - PUBLICATION, DISTRIBUTION, ETC. | |
| Place of publication, distribution, etc. | New York |
| Name of publisher, distributor, etc. | John Wiley and Sons |
| Date of publication, distribution, etc. | 1964 |
| 300 ## - PHYSICAL DESCRIPTION | |
| Extent | ix, 331p. : ill. |
| 350 ## - | |
| -- | 0.00 |
| 995 ## - | |
| -- | BINDERY (DAMAGED) |
| -- | 0.00 |
| -- | 702675 |
| -- | CBU-MAIN LIBRARY (Kitwe) |
| -- | 2 |
| -- | 0.00 |
| -- | HF 5548.8 Vro |
| -- | 2 |
| -- | DAMAGED |
| -- | Nov 7, 2006 |
| -- | 006090 |
| -- | Main Library Open Access Collection |
| 995 ## - | |
| -- | MAIN LIBRARY OPEN ACCESS |
| -- | 0.00 |
| -- | 045835 |
| -- | CBU-MAIN LIBRARY (Kitwe) |
| -- | 4 |
| -- | 0.00 |
| -- | HF 5548.8 Vro |
| -- | 1 |
| -- | AVAILABLE |
| -- | Nov 7, 2006 |
| -- | 006092 |
| -- | Main Library Open Access Collection |
| 995 ## - | |
| -- | BINDERY (DAMAGED) |
| -- | 0.00 |
| -- | 706422 |
| -- | CBU-MAIN LIBRARY (Kitwe) |
| -- | 1 |
| -- | 0.00 |
| -- | HF 5548.8 Vro |
| -- | 4 |
| -- | DAMAGED |
| -- | Nov 7, 2006 |
| -- | 006091 |
| -- | Main Library Open Access Collection |
| 995 ## - | |
| -- | BINDERY (DAMAGED) |
| -- | 0.00 |
| -- | 703541 |
| -- | CBU-MAIN LIBRARY (Kitwe) |
| -- | 3 |
| -- | 0.00 |
| -- | HF 5548.8 Vro |
| -- | 1 |
| -- | DAMAGED |
| -- | Aug 14, 2006 |
| -- | 006089 |
| -- | Main Library Open Access Collection |
| 999 ## - | |
| -- | 83181 |
| -- | 83181 |
| Withdrawn status | Lost status | Source of classification or shelving scheme | Damaged status | Not for loan | Permanent Location | Current Location | Shelving location | Date acquired | Total Checkouts | Full call number | Barcode | Date last seen | Copy number | Price effective from | Koha item type |
|---|---|---|---|---|---|---|---|---|---|---|---|---|---|---|---|
| CBU-MAIN LIBRARY, KITWE. | CBU-MAIN LIBRARY, KITWE. | 10/25/2023 | HF 5548.8 Vro | 006090 | 10/25/2023 | 1 | 10/25/2023 | MONOGRAPH | |||||||
| CBU-MAIN LIBRARY, KITWE. | CBU-MAIN LIBRARY, KITWE. | 10/25/2023 | HF 5548.8 Vro | 006092 | 10/25/2023 | 2 | 10/25/2023 | MONOGRAPH | |||||||
| CBU-MAIN LIBRARY, KITWE. | CBU-MAIN LIBRARY, KITWE. | 10/25/2023 | HF 5548.8 Vro | 006091 | 10/25/2023 | 3 | 10/25/2023 | MONOGRAPH | |||||||
| CBU-MAIN LIBRARY, KITWE. | CBU-MAIN LIBRARY, KITWE. | 10/25/2023 | HF 5548.8 Vro | 006089 | 10/25/2023 | 4 | 10/25/2023 | MONOGRAPH |